| 000 | 01666nam a2200313Ia 4500 | ||
|---|---|---|---|
| 999 |
_c38679 _d38679 |
||
| 001 | 4922 | ||
| 003 | GE_BSU | ||
| 005 | 20190802153036.0 | ||
| 008 | 181216s2009||||ge |||||||||||||| ||geo|| | ||
| 040 | _cGE_BSU | ||
| 041 | _ageo | ||
| 080 | _a61 ს-22 | ||
| 245 |
_aსამედიცინო ფიზიკა : _bსახელმძღვ. / _cმანონი კობაიძე, ამირან ზაქარაია, ამირან ანთია და სხვ.; ალექსანდრე ციბაძის რედაქტორობით. |
||
| 264 |
_aთბილისი : _bსამედიცინო ფიზიკა ; _c2009. |
||
| 300 |
_a175 გვ. ; _c29 სმ. |
||
| 541 | _h16ლ. | ||
| 653 | _aსამედიცინო ფიზიკა | ||
| 653 | _aოპტიკური მოვლენები | ||
| 653 | _aატომური მოვლენები | ||
| 700 |
_aკობაიძე, მანონი _eავტორი _93377 |
||
| 700 |
_aზაქარაია, ამირან _eავტორი _93378 |
||
| 700 |
_a მირცხულავა, მერაბ _eავტორი _93379 |
||
| 700 |
_aანთია, რამინ _eავტორი _93380 |
||
| 700 |
_aგოცირიძე, ნიკოლოზ _eავტორი _93381 |
||
| 700 |
_aკორკელია, მაკა _eავტორი _93382 |
||
| 700 |
_aჩირაძე, გიორგი _eავტორი _93383 |
||
| 700 |
_aციბაძე, ალექსანდრე _eრედაქტორი _93384 |
||
| 942 |
_cBK _2udc |
||